[Event "Bad Woerishofen op"]
[Site "Bad Woerishofen"]
[Date "2001.??.??"]
[Round "8"]
[White "Heika, Martin"]
[Black "Kalinitschev, Sergej"]
[Result "0-1"]
[WhiteElo "2325"]
[BlackElo "2495"]
[Annotator "ChessOrg"]
[PlyCount "86"]
[EventDate "1998.03.05"]
[Source "ChessBase"]
[SourceDate "1998.04.29"]

1. e4 {C00: Franzoesische Verteidigung (Seltene Zuege)} 1... e6 2. d3 d5 3. Nd2
Nf6 4. Ngf3 Nc6 5. Be2 g6 6. O-O Bg7 7. e5 {letzter Buchzug} 7... Nd7 8. d4 f6
9. exf6 Qxf6 10. Nb3 O-O 11. Be3 Ne7 12. Qd2 Nf5 13. Bg5 Qf7 14. Rae1 b6 15. c4
(15. Bb5 15... c5 $14) 15... Bb7 $11 16. c5 bxc5 17. dxc5 Rab8 18. Rc1 c6 19.
Nfd4 Nxd4 20. Nxd4 e5 21. Nb3 Nf6 22. Be3 (22. f3 22... Nh5 $11) 22... Bc8 23.
f4 d4 (23... Ne4 $5 24. Qe1 24... Qc7 $11) 24. fxe5 $11 24... dxe3 25. Qd6 Bf5
26. exf6 Qxf6 27. Qxf6 (27. g4 Qxd6 28. cxd6 28... Be6 $11) 27... Bxf6 $15 28.
Rce1 Be6 29. Rd1 Bxb2 30. Bf3 (30. Rd3 $5 $17 $142) 30... Ba3 $19 31. Rfe1 Bxb3
32. axb3 Bxc5 33. Rc1 Rf5 34. Bxc6 Rxb3 (34... e2+ $142 35. Kh1 35... Rf2 $19)
35. Bd7 $11 35... Rf7 36. Be6 Rb5 37. Bxf7+ Kxf7 38. Re2 a5 39. g3 Ke6 40. Ra1
Kd5 41. Ra4 Bb4 42. Rb2 (42. Rxe3 $5 42... Bc5 43. Kf2 $17) 42... Ke4 $19 43.
Kg2 Rd5 (43... Rd5 44. g4 Rd2+ 45. Rxd2 45... exd2 $19) 0-1

[Event "Bad Woerishofen op"]
[Site "Bad Woerishofen"]
[Date "2001.??.??"]
[Round "2"]
[White "Heinig, Wolfram"]
[Black "Engl, Heinz"]
[Result "1-0"]
[WhiteElo "2302"]
[BlackElo "2142"]
[Annotator "ChessOrg"]
[PlyCount "47"]
[EventDate "1998.03.05"]
[Source "ChessBase"]
[SourceDate "1998.04.29"]

1. d4 {D34: Damengambit (Tarrasch-Verteidigung, Hauptvariante)} 1... d5 2. c4
e6 3. Nf3 c5 4. g3 Nc6 5. Bg2 Nf6 6. cxd5 exd5 7. O-O Be7 8. Nc3 O-O 9. b3 Ne4
10. Bb2 Bf6 11. Na4 b6 12. Rc1 Re8 13. Re1 13... Bg4 {letzter Buchzug} 14. dxc5
Bxb2 15. Nxb2 bxc5 16. Na4 Qd6 (16... Qe7 17. Nd2 $14) 17. Nd2 Nd4 18. f3 Nxd2
19. Qxd2 Bh5 20. Nxc5 Ne6 21. Nxe6 Rxe6 22. e3 Rd8 23. Qd4 23... Qa6 $2 (23...
Re7 $5 $18 $142) 24. Qh4 (24. Qh4 Qb6 25. Qxh5 Rxe3 26. Kh1 $18) 1-0

[Event "Bad Woerishofen op"]
[Site "Bad Woerishofen"]
[Date "2001.??.??"]
[Round "4"]
[White "Heinig, Wolfram"]
[Black "Schenk, Uwe"]
[Result "1/2-1/2"]
[WhiteElo "2302"]
[BlackElo "2152"]
[Annotator "ChessOrg"]
[PlyCount "109"]
[EventDate "1998.03.05"]
[Source "ChessBase"]
[SourceDate "1998.04.29"]

1. d4 {E73: Koenigsindisch (Awerbach-Angriff)} 1... Nf6 2. c4 g6 3. Nc3 Bg7 4.
e4 d6 5. Be2 O-O 6. Bg5 Na6 7. Qd2 e5 8. d5 Qe8 9. Bd1 Nh5 10. Ba4 {
letzter Buchzug} 10... Bd7 11. Bxd7 Qxd7 12. Nge2 f5 13. f3 Nc5 14. b4 Na4 15.
O-O a5 16. a3 (16. bxa5 Rxa5 17. exf5 17... gxf5 $14 (17... Qxf5 $2 18. Ne4 Ra6
19. g4 $18)) 16... Nf6 17. Rab1 Nxc3 (17... Nb6 18. c5 axb4 19. axb4 $14) 18.
Nxc3 b6 19. Rfc1 (19. b5 19... Rf7 $14) 19... Qf7 (19... axb4 20. axb4 fxe4 21.
Bxf6 Bxf6 22. Nxe4 $14) 20. h3 h5 21. Be3 Kh8 22. c5 axb4 23. axb4 bxc5 24.
bxc5 Rg8 (24... f4 25. Bf2 $14) 25. Rb7 (25. c6 f4 26. Bf2 26... Ra6 $16) 25...
Rgb8 (25... dxc5 26. Nb5 fxe4 27. fxe4 Nxe4 28. Qd3 $11) 26. Qb2 (26. c6 fxe4
27. fxe4 27... Qe7 $16) 26... Qf8 27. c6 Rc8 28. Ra1 (28. Qd2 fxe4 29. fxe4
29... Qe7 $16) 28... Rxa1+ 29. Qxa1 Bh6 30. Qc1 Kh7 31. Nb5 Ne8 32. Bg5 fxe4
33. fxe4 Bxg5 34. Qxg5 Kg7 35. g4 (35. Ra7 35... Qf7 $14) 35... hxg4 36. Qxg4 (
36. hxg4 $143 36... Ra8 37. Na7 Qf3 38. Qe7+ 38... Kh8 $17) 36... Qf4 $2 (36...
Ra8 37. Na7 $11 (37. Nxc7 $4 37... Ra1+ 38. Kh2 Qf2+ 39. Qg2 Qf4+ 40. Qg3 Ra2+
41. Rb2 Rxb2+ 42. Kh1 Qxe4+ 43. Kg1 Qb1+ 44. Qe1 Qxe1#)) 37. Qxc8 $4 (37. Qxf4
exf4 38. e5 Kh6 39. exd6 39... cxd6 $18) 37... Qg3+ $4 (37... Qc1+ $142 38. Kg2
Qd2+ 39. Kf1 Qd1+ 40. Kf2 Qd2+ 41. Kf3 Qd3+ 42. Kg2 Qd2+ 43. Kh1 Qe1+ 44. Kh2
Qf2+ 45. Kh1 Qe1+ 46. Kg2 46... Qd2+ $11) 38. Kf1 $18 38... Qf3+ 39. Ke1 Qe3+
40. Kd1 Qd3+ 41. Kc1 Qc4+ 42. Kd2 Qa2+ 43. Kc3 Qa1+ 44. Kb3 $4 (44. Kc2 Qa4+
45. Kb2 Qb4+ 46. Ka2 Qd2+ 47. Kb3 Qd1+ 48. Kc4 Qf1+ 49. Kb4 Qb1+ 50. Ka4 Qc2+
51. Ka5 Qa2+ 52. Na3 Qxa3+ 53. Kb5 Qb3+ 54. Ka5 Qa3+ 55. Kb5 Qb3+ 56. Ka5 56...
Qa3+ $11) 44... Qb1+ $11 45. Ka4 Qc2+ 46. Ka3 Qc1+ 47. Kb3 Qb1+ 48. Kc3 Qc1+
49. Kb4 49... Qb2+ $4 (49... Qb1+ 50. Ka5 Qa2+ 51. Na3 Qxa3+ 52. Kb5 Qb3+ 53.
Ka5 Qa3+ 54. Kb5 Qb3+ 55. Ka5 55... Qa3+ $11) 50. Ka4 $4 (50. Kc4 Qe2+ 51. Kc3
Qe1+ 52. Kb2 Qd2+ 53. Kb3 Qd1+ 54. Kb4 Qb1+ 55. Ka5 Qa2+ 56. Na3 Qxa3+ 57. Kb5
Qb3+ 58. Ka5 Qa3+ 59. Kb5 Qb3+ 60. Ka5 60... Qa3+ $11) 50... Qc2+ $11 51. Kb4
Qb2+ 52. Kc4 Qa2+ 53. Kd3 Qb1+ 54. Kd2 (54. Ke2 Qc2+ 55. Kf3 Qd3+ 56. Kf2 Qd2+
57. Kg1 Qe3+ 58. Kg2 Qe2+ 59. Kg3 Qe3+ 60. Kh2 Qe2+ 61. Kh1 Qf1+ 62. Kh2 Qf2+
63. Kh1 Qe1+ 64. Kg2 Qe2+ 65. Kh1 Qf1+ 66. Kh2 Qf2+ 67. Kh1 Qe1+ 68. Kg2 68...
Qe2+ $11) 54... Qb2+ 55. Kd3 1/2-1/2

[Event "Bad Woerishofen op"]
[Site "Bad Woerishofen"]
[Date "2001.??.??"]
[Round "6"]
[White "Heinig, Wolfram"]
[Black "Wittfoth, Kai-Uwe"]
[Result "1-0"]
[WhiteElo "2302"]
[BlackElo "2141"]
[Annotator "ChessOrg"]
[PlyCount "39"]
[EventDate "1998.03.05"]
[Source "ChessBase"]
[SourceDate "1998.04.29"]

1. d4 {E08: Katalanisch} 1... d5 2. c4 e6 3. Nf3 Nf6 4. g3 Be7 5. Bg2 O-O 6.
O-O Nbd7 7. Qc2 b6 8. Nc3 Bb7 9. cxd5 Nxd5 10. Nxd5 Bxd5 11. e4 Bb7 12. Rd1
12... Re8 {letzter Buchzug} 13. Bf4 Bd6 (13... a6 $5 $14 $142) 14. e5 $16 14...
Be7 15. Ng5 $1 15... Bxg5 16. Bxb7 Bxf4 17. Bxa8 Qxa8 18. gxf4 Qf3 19. Rd3 (19.
Qxc7 Qg4+ 20. Kf1 Qh3+ 21. Ke1 Nf8 22. Qxa7 22... Qxh2 $18) 19... Qg4+ 20. Kf1
(20. Kf1 Qxf4 21. Qxc7 $18) 1-0

[Event "Bad Woerishofen op"]
[Site "Bad Woerishofen"]
[Date "2001.??.??"]
[Round "8"]
[White "Heinig, Wolfram"]
[Black "Khurtsidze, Nino"]
[Result "0-1"]
[WhiteElo "2302"]
[BlackElo "2459"]
[Annotator "ChessOrg"]
[PlyCount "64"]
[EventDate "1998.03.05"]
[Source "ChessBase"]
[SourceDate "1998.04.29"]

1. d4 {E01: Katalanisch} 1... Nf6 2. c4 e6 3. g3 c5 4. Nf3 cxd4 5. Nxd4 d5 6.
Bg2 e5 7. Nf3 d4 8. O-O Nc6 9. e3 Be7 10. exd4 exd4 11. Bf4 11... Be6 {
letzter Buchzug} 12. Ne5 Rc8 13. Nd2 Nd7 (13... Nxe5 $5 14. Bxe5 14... Ng4 $11)
14. Nxc6 $11 14... bxc6 15. Ne4 (15. Nb3 Bxc4 16. Re1 O-O 17. Qxd4 Bxb3 18.
axb3 18... Bc5 $14) 15... c5 (15... Bxc4 16. Qxd4 Bxf1 17. Qxg7 Bxg2 18. Qxh8+
Nf8 19. Kxg2 $18) 16. Re1 Nb6 17. b3 O-O 18. Qh5 h6 19. Rad1 Nd7 (19... Qd7
$142 20. h3 20... Rfe8 $11) 20. Bd6 (20. Bh3 $5 $142 20... Bxh3 21. Qxh3 $11)
20... Bxd6 $15 21. Nxd6 Nf6 22. Qe5 Ng4 23. Nb7 Nxe5 24. Nxd8 Bg4 (24... Rfxd8
$6 25. Rxe5 Kf8 26. Rde1 $11) 25. Rxe5 Bxd1 (25... Rfxd8 $6 26. f3 f6 27. Re7
$11) (25... Rcxd8 26. f3 Be6 27. Rxc5 $16) 26. Nc6 Rfe8 27. Rxc5 (27. Kf1 Rxe5
28. Nxe5 f6 29. Bd5+ Kf8 30. Ng6+ 30... Ke8 $19) 27... Re1+ 28. Bf1 28... Rxc6
$1 29. Rxc6 Be2 30. Rc8+ Kh7 31. Re8 d3 32. c5 (32. Rd8 Rxf1+ 33. Kg2 $19)
32... Rxf1+ (32... Rxf1+ 33. Kg2 33... d2 $19) 0-1

[Event "Bad Woerishofen op"]
[Site "Bad Woerishofen"]
[Date "2001.??.??"]
[Round "2"]
[White "Heinzel, Olaf"]
[Black "Schenk, Uwe"]
[Result "1-0"]
[WhiteElo "2374"]
[BlackElo "2152"]
[Annotator "ChessOrg"]
[PlyCount "103"]
[EventDate "1998.03.05"]
[Source "ChessBase"]
[SourceDate "1998.04.29"]

1. d4 {A48: Koenigsindisch (ohne c2-c4)} 1... Nf6 2. Nf3 g6 3. Bf4 Bg7 4. e3 d6
5. h3 O-O 6. Be2 Nbd7 7. O-O Ne4 8. c3 e5 9. Bh2 Qe7 10. a4 {letzter Buchzug}
10... Re8 11. a5 a6 12. Na3 Ng5 13. Re1 Nxf3+ 14. Bxf3 e4 15. Be2 Nf6 16. b4 h5
17. b5 axb5 18. Nxb5 (18. Bxb5 $143 18... c6 19. Be2 19... Rxa5 $17) 18... Bf5
19. c4 Red8 20. Qb3 Bf8 21. Reb1 Qd7 22. Nc3 Ra7 23. Nd5 (23. c5 23... Rc8 $14)
23... Nh7 24. Qd1 h4 25. c5 c6 (25... dxc5 $5 $142 26. Nxc7 26... cxd4 $11) 26.
Nb6 $16 26... Qe6 27. cxd6 Bxd6 28. Bxd6 Qxd6 29. Bg4 Qe6 30. Rc1 (30. Bxf5 $5
$142 30... Qxf5 31. Na4 Rxa5 32. Rxb7 $14) 30... Bxg4 $15 31. Qxg4 Qxg4 32.
hxg4 Nf6 33. g5 Nd5 34. Nc4 Kg7 35. Rab1 Rd7 36. Kh2 f6 37. gxf6+ Nxf6 38. Ne5
Rd5 39. a6 bxa6 40. Kh3 (40. Rxc6 40... a5 $14) 40... g5 $11 41. Rxc6 Rb5 (
41... a5 $11 $142) 42. Rxa6 $16 42... Rxb1 43. Rxa7+ Kg8 44. g3 hxg3 45. Kxg3
Rg1+ 46. Kh2 Rd1 47. Kg2 Rb1 48. Nd7 Kg7 49. Nxf6+ Kxf6 50. Ra6+ Kf5 51. Ra5+
Kf6 52. Re5 (52. Re5 Rb2 53. Rxe4 $18) 1-0

[Event "Bad Woerishofen op"]
[Site "Bad Woerishofen"]
[Date "2001.??.??"]
[Round "3"]
[White "Heinzel, Olaf"]
[Black "Aleksandrov, Alexei"]
[Result "0-1"]
[WhiteElo "2370"]
[BlackElo "2610"]
[Annotator "ChessOrg"]
[PlyCount "78"]
[EventDate "1998.03.05"]
[Source "ChessBase"]
[SourceDate "1998.04.29"]

1. d4 {D02: Damenbauernspiele} 1... Nf6 2. Nf3 d5 3. Bf4 c5 4. e3 Qb6 5. Nc3 c4
6. Qc1 {letzter Buchzug} 6... Bf5 7. Be2 e6 8. O-O h6 9. a4 Nc6 10. b3 cxb3 11.
cxb3 Rc8 12. Nb5 Qd8 13. Qb2 Bb4 (13... Nh5 14. Bg3 $17) 14. Rfc1 $11 14... O-O
15. Ne5 Qe7 16. Nxc6 bxc6 17. Na3 a5 (17... c5 $5 $11) 18. Ba6 $14 18... Ra8
19. Be2 (19. Rxc6 $5 19... Nh5 20. Nb5 Nxf4 21. exf4 $16) 19... Rfc8 $11 20.
Nc2 Bd2 21. Rd1 Ne4 22. f3 Bc3 23. Qa2 Nf6 24. Rac1 Nh5 25. Bg3 (25. Bxh6 $5
25... gxh6 26. g4 $15) 25... Nxg3 $17 26. hxg3 c5 27. Bd3 cxd4 28. Nxd4 Bxd4
29. Rxc8+ Rxc8 30. exd4 Bxd3 31. Rxd3 Qg5 32. f4 Rc1+ 33. Kf2 Qh5 34. Qd2 Qh1
35. g4 Qh4+ 36. Rg3 Rb1 (36... Rf1+ 37. Kxf1 37... Qxg3 $17) 37. Qc3 $15 37...
Qh1 38. Rd3 $4 (38. Rh3 $142 38... Qf1+ 39. Kg3 $17) 38... Rg1 (38... Rf1+ 39.
Kg3 g5 40. Qc8+ Kh7 41. Qg8+ Kxg8 42. fxg5 hxg5 43. b4 Qh4#) 39. Rg3 $19 39...
Rf1+ (39... Rf1+ 40. Ke2 40... Qg1 $19) 0-1

[Event "Bad Woerishofen op"]
[Site "Bad Woerishofen"]
[Date "2001.??.??"]
[Round "5"]
[White "Heinzel, Olaf"]
[Black "Oberhofer, Max"]
[Result "1-0"]
[WhiteElo "2374"]
[BlackElo "2219"]
[Annotator "ChessOrg"]
[PlyCount "51"]
[EventDate "1998.03.05"]
[Source "ChessBase"]
[SourceDate "1998.04.29"]

1. d4 {D02: Damenbauernspiele} 1... d5 2. Nf3 Nf6 3. Bf4 e6 4. e3 c5 5. c3 Nc6
6. Nbd2 6... b6 {letzter Buchzug} 7. Bb5 Bd7 8. Bd3 Be7 9. Ne5 O-O 10. g4 Nxe5
11. dxe5 Ne8 12. g5 g6 13. h4 Ng7 14. Qg4 Nh5 15. Nf1 Qc7 16. Ng3 Nxf4 17. exf4
c4 18. Bc2 d4 19. Be4 Bc6 (19... Rad8 20. h5 d3 21. hxg6 fxg6 22. Rxh7 $18) 20.
h5 $14 20... Bxe4 21. Nxe4 21... Rfe8 $4 (21... dxc3 $142 22. Nxc3 22... Bb4
$14) 22. hxg6 $18 (22. cxd4 Qb7 23. f3 Red8 24. hxg6 24... hxg6 $18) 22... fxg6
(22... Kf8 23. Qh5 Bc5 24. Qh6+ Ke7 25. gxh7 Qc6 26. Qf6+ 26... Kd7 $18) 23.
Qxe6+ Kg7 24. Rxh7+ $3 24... Kxh7 25. Qf7+ Kh8 26. O-O-O (26. O-O-O Bxg5 27.
Rh1+ Bh6 28. Rxh6#) 1-0

[Event "Bad Woerishofen op"]
[Site "Bad Woerishofen"]
[Date "2001.??.??"]
[Round "7"]
[White "Heinzel, Olaf"]
[Black "Puth, Dieter"]
[Result "1-0"]
[WhiteElo "2374"]
[BlackElo "2185"]
[Annotator "ChessOrg"]
[PlyCount "73"]
[EventDate "1998.03.05"]
[Source "ChessBase"]
[SourceDate "1998.04.29"]

1. d4 {A46: Damenbauernspiele} 1... Nf6 2. Nf3 e6 3. Bf4 c5 4. e3 b6 5. Be2 {
letzter Buchzug} 5... Bb7 6. O-O Be7 7. a4 O-O 8. h3 Nc6 9. c3 Rc8 10. Nbd2 d6
11. Nc4 cxd4 12. exd4 Ba6 13. Re1 d5 14. Nce5 Bxe2 15. Qxe2 Nxe5 16. Nxe5 Ne4
17. Qa6 Bd6 18. f3 Bxe5 19. Bxe5 (19. dxe5 $6 19... Nc5 20. Qe2 20... d4 $11)
19... Nd6 20. Bxd6 Qxd6 21. a5 (21. Qxa7 $4 21... Ra8 22. Qb7 Rfb8 23. Qxb8+
23... Rxb8 $19) 21... Rb8 22. Re2 Qc7 23. axb6 axb6 24. Qb5 Ra8 25. Ra6 Rxa6
26. Qxa6 Qc6 27. f4 Ra8 28. Qd3 g6 29. Kf2 Ra2 30. Ke3 Qa4 31. f5 exf5 32. Kf4
Qd7 33. Qe3 Qd6+ 34. Qe5 Qd7 (34... Qd8 35. g4 $15) 35. Qf6 Qc7+ (35... Ra7 $5
$11) 36. Kf3 $16 36... Ra7 $4 (36... Qc8 $142 37. Re7 37... Qf8 $14) 37. Re8#
1-0

[Event "Bad Woerishofen op"]
[Site "Bad Woerishofen"]
[Date "2001.??.??"]
[Round "9"]
[White "Heinzel, Olaf"]
[Black "Babar, Michael"]
[Result "1-0"]
[WhiteElo "2374"]
[BlackElo "2175"]
[Annotator "ChessOrg"]
[PlyCount "93"]
[EventDate "1998.03.05"]
[Source "ChessBase"]
[SourceDate "1998.04.29"]

1. d4 {A81: Hollaendische Verteidigung (Leningrader Variante)} 1... f5 2. g3
Nf6 3. Bg2 d6 4. d5 g6 5. Nh3 Bg7 6. O-O O-O 7. c4 7... a5 {letzter Buchzug} 8.
Nc3 Nbd7 9. Be3 Ne5 10. b3 Bd7 11. Bd4 c5 12. Bxe5 dxe5 13. e4 e6 (13... f4 $5
$11) 14. dxe6 $14 14... Bxe6 15. Ng5 Bc8 16. exf5 Qxd1 17. Raxd1 gxf5 18. Na4
h6 19. Nb6 Rb8 20. Nxc8 Rfxc8 21. Nf3 Ne4 22. Nh4 Nc3 23. Nxf5 Rf8 24. Nxg7
Nxd1 25. Ne6 (25. Rxd1 $6 25... Kxg7 26. Rd7+ 26... Rf7 $11) 25... Rxf2 $2 (
25... Nc3 $5 $142 26. Nxf8 26... Kxf8 $16) 26. Rxf2 (26. Rxd1 $5 26... Rxa2 27.
Nxc5 27... b6 $18) 26... Nxf2 27. Kxf2 b6 28. Bd5 Kh7 29. Be4+ Kg8 30. a4 Rc8
31. Bd5 Kh7 32. Bb7 Rb8 33. Be4+ Kg8 34. Nc7 Kf7 35. Nd5 Ke6 36. g4 Kd6 37. Ne3
Ke6 38. Nf5 Kf6 39. h4 Rd8 (39... Kg6 $18) 40. Nxh6 Rd2+ 41. Ke3 Rb2 42. g5+
Kg7 43. h5 Rxb3+ 44. Kd2 b5 (44... Rb2+ 45. Ke1 Kh8 46. Nf7+ 46... Kg8 $18) 45.
Nf5+ Kh8 46. g6 bxa4 (46... Rb2+ 47. Ke1 $18) 47. h6 (47. h6 Rb2+ 48. Kc1 $18)
1-0

[Event "Bad Woerishofen op"]
[Site "Bad Woerishofen"]
[Date "2001.??.??"]
[Round "2"]
[White "Hempel, Olaf"]
[Black "Werner, Clemens"]
[Result "1/2-1/2"]
[WhiteElo "2146"]
[BlackElo "2347"]
[Annotator "ChessOrg"]
[PlyCount "66"]
[EventDate "1998.03.05"]
[Source "ChessBase"]
[SourceDate "1998.04.29"]

1. c4 {A21: Englische Eroeffnung} 1... e5 2. Nc3 d6 3. Nf3 f5 4. d4 e4 5. Ng5
Be7 6. Nh3 c6 7. g3 Nf6 8. Bg2 Na6 9. O-O O-O 10. f3 d5 11. cxd5 cxd5 12. Qb3
12... Kh8 {letzter Buchzug} 13. a3 b6 14. Bf4 Be6 15. Rac1 Qd7 16. Nb5 Ne8 17.
Rc2 (17. Qa4 17... Qb7 $16) 17... Rd8 (17... Nb4 18. axb4 Qxb5 19. Be5 $11) 18.
Qa4 $16 18... Qb7 19. Rfc1 Bd7 20. Qb3 h6 (20... Bxb5 21. Qxb5 Nd6 22. Bxd6
Bxd6 23. Ng5 $14) 21. Be5 $16 21... Bxb5 22. Qxb5 Nd6 23. Qc6 Qxc6 24. Rxc6 Nf7
25. Nf4 (25. f4 25... Bd6 $16) 25... Nxe5 26. dxe5 Bc5+ 27. R1xc5 (27. Kf1
27... Rfe8 $16) 27... Nxc5 $14 28. Ng6+ Kg8 29. Nxf8 Kxf8 30. b4 Nb3 31. Kf1 e3
(31... Ke7 32. fxe4 dxe4 33. Bh3 $14) 32. Bh3 Nd4 33. Rc3 Ke7 (33... g6 34.
Rxe3 Rc8 35. Rd3 $16) 1/2-1/2

[Event "Bad Woerishofen op"]
[Site "Bad Woerishofen"]
[Date "2001.??.??"]
[Round "4"]
[White "Hempel, Olaf"]
[Black "Born, Ludger"]
[Result "1-0"]
[WhiteElo "2146"]
[BlackElo "1800"]
[Annotator "ChessOrg"]
[PlyCount "91"]
[EventDate "1998.03.05"]
[Source "ChessBase"]
[SourceDate "1998.04.29"]

1. c4 {A28: Englische Eroeffnung (Vierspringer-Variante)} 1... e5 2. Nc3 Nc6 3.
Nf3 Nf6 4. d4 exd4 5. Nxd4 5... Nxd4 {letzter Buchzug} 6. Qxd4 Be7 7. g3 O-O 8.
Bg2 d6 9. O-O Re8 10. b3 Nd7 11. Nd5 Bf8 12. e4 c6 13. Nf4 Qf6 (13... Ne5 14.
Bb2 $11) 14. Bb2 Qxd4 15. Bxd4 Ne5 16. Rad1 b6 17. Bb2 Bb7 18. Rd2 c5 (18...
Rad8 $5 $14) 19. Nd5 $16 19... Bxd5 20. Rxd5 (20. cxd5 $6 20... g5 $11) (20.
exd5 $6 20... Re7 $14) 20... f6 21. Rd2 Rad8 22. h3 Be7 23. f4 Ng6 24. h4 Kh8
25. Kf2 Bf8 26. Kf3 a6 27. h5 Ne7 28. Bh3 Nc6 29. h6 b5 30. hxg7+ Kxg7 31. Bf5
Be7 (31... Ne7 $5 $142 32. Be6 32... Nc6 $16) 32. Rh1 $18 32... Rh8 33. Be6 Rb8
34. g4 Kg6 35. Ke3 h6 36. Rdh2 Kg7 37. Rh5 Nd8 38. Bd5 Nf7 39. Rf5 (39. cxb5
axb5 40. g5 Bd8 41. gxf6+ 41... Kf8 $18) 39... Rbf8 (39... Kg6 40. cxb5 axb5
41. Rfh5 $18) 40. Rg1 (40. cxb5 axb5 41. a4 bxa4 42. bxa4 42... Rb8 $18) 40...
Rh7 (40... bxc4 41. g5 hxg5 42. fxg5 (42. Bxc4 $6 42... Rh3+ 43. Kf2 43... Kg6
$11) (42. bxc4 Rh3+ 43. Kd2 Rh2+ 44. Kc1 44... Kg6 $11) 42... Rh3+ 43. Kf4 $18)
41. Rg2 (41. g5 $5 41... hxg5 42. fxg5 Bd8 43. gxf6+ Kh8 44. cxb5 44... axb5
$18) 41... b4 42. Kf2 Bd8 43. g5 hxg5 44. fxg5 44... Ne5 $4 (44... Rh1 $18 $142
) 45. gxf6+ Kh8 46. f7 (46. f7 Bh4+ 47. Ke2 $18) 1-0

[Event "Bad Woerishofen op"]
[Site "Bad Woerishofen"]
[Date "2001.??.??"]
[Round "6"]
[White "Hempel, Olaf"]
[Black "Krklec, Daniel"]
[Result "1/2-1/2"]
[WhiteElo "2146"]
[BlackElo "1800"]
[Annotator "ChessOrg"]
[PlyCount "73"]
[EventDate "1998.03.05"]
[Source "ChessBase"]
[SourceDate "1998.04.29"]

1. c4 {A27: Englische Eroeffnung (Hollaendische Struktur)} 1... e5 2. Nc3 Nc6
3. Nf3 f5 4. d4 e4 5. Ng5 Be7 6. Nh3 Nf6 7. Nf4 {letzter Buchzug} 7... b6 8. e3
Bb7 9. Be2 O-O 10. Bd2 Qe8 11. a3 Bd6 12. g3 (12. d5 12... Nb8 $11) 12... Nxd4
13. exd4 e3 14. Nfd5 (14. fxe3 Bxh1) 14... exd2+ 15. Qxd2 Bxd5 (15... Nxd5 16.
cxd5 f4 17. O-O $15) 16. cxd5 (16. Nxd5 Nxd5 17. cxd5 17... Qe4 $15) 16... Ne4
(16... Nxd5 17. Rc1 Nxc3 18. Rxc3 $15) 17. Qd3 Nxc3 18. bxc3 f4 19. O-O Rf6 20.
Bf3 Qf7 21. c4 Rf8 22. g4 Rh6 23. Kg2 Qf6 24. h3 24... Qh4 {Es droht Dxh3} 25.
Rh1 Re8 26. Qf5 Re7 27. a4 (27. Qc2 27... g5 $11) 27... Rf6 $15 28. Qh5 Qxh5
29. gxh5 Bb4 30. Rhd1 Rf8 31. Rab1 a5 32. Rbc1 d6 (32... Kf7 33. Bg4 $15) 33.
Rc2 Rf6 (33... Kf7 34. h4 $11) 34. Bg4 $11 34... g6 35. Be6+ Kf8 (35... Rfxe6
$143 36. dxe6 Rxe6 37. hxg6 hxg6 38. Kf3 $16) 36. Kf3 gxh5 37. Rg1 1/2-1/2

[Event "Bad Woerishofen op"]
[Site "Bad Woerishofen"]
[Date "2001.??.??"]
[Round "8"]
[White "Hempel, Olaf"]
[Black "Salvermoser, Bernd"]
[Result "0-1"]
[WhiteElo "2146"]
[BlackElo "2275"]
[Annotator "ChessOrg"]
[PlyCount "80"]
[EventDate "1998.03.05"]
[Source "ChessBase"]
[SourceDate "1998.04.29"]

1. c4 {A27: Englische Eroeffnung (Hollaendische Struktur)} 1... e5 2. Nc3 Nc6
3. Nf3 f5 4. d4 e4 5. Ng5 h6 6. Nh3 g5 7. e3 Nf6 8. f3 exf3 9. Qxf3 d6 10. Qd1
{letzter Buchzug} 10... Bg7 11. Be2 O-O 12. O-O Ne7 13. Nf2 c6 14. Bd2 d5 15.
Qb3 Kh8 16. Rad1 Qc7 17. Nd3 Be6 18. Nc5 Bc8 19. cxd5 Nexd5 20. Nxd5 Nxd5 21.
Bc4 b6 22. Bxd5 (22. Na6 Bxa6 23. Bxa6 23... Rae8 $11) 22... bxc5 (22... cxd5
$6 23. Qxd5 bxc5 24. Qxa8 $14) 23. Bc4 cxd4 24. exd4 Bxd4+ 25. Kh1 c5 26. Qh3
Qg7 27. b3 f4 28. Qf3 Bb7 29. Bd5 $2 (29. Qh5 $5 $17 $142) 29... g4 $19 30. Qe4
Rae8 31. Bxb7 Rxe4 32. Bxe4 Qe5 (32... Be3 33. Be1 $19) 33. Bc6 (33. Rde1 33...
Kg7 $19) 33... Rf6 (33... Qh5 34. Bc1 $19) 34. Bb7 (34. Rde1 Be3 (34... Rxc6 $6
35. Rxe5 Bxe5 36. Bxf4 Bxf4 37. Rxf4 $11) 35. Bb5 35... a6 $19) 34... Qb8 (
34... Qh5 35. Bc1 $19) 35. Bd5 Qf8 36. Rde1 f3 37. g3 (37. gxf3 gxf3 38. Bc1
38... f2 $19) 37... f2 (37... Rd6 38. Be4 $19) 38. Rd1 (38. Re2 Qd6 39. Bb7 Re6
40. Rxe6 40... Qxe6 $19) 38... Rf5 39. Bg2 Qf7 (39... Rh5 $5 40. Bf4 $19) 40.
b4 (40. Ba5 $19) 40... Rh5 (40... Rh5 41. h4 Rxh4+ 42. gxh4 42... Qh5 $19) 0-1

[Event "Bad Woerishofen op"]
[Site "?"]
[Date "2001.??.??"]
[Round "1"]
[White "Heyl, Thomas"]
[Black "Kalinitschev, Sergej"]
[Result "0-1"]
[WhiteElo "2053"]
[BlackElo "2495"]
[Annotator "ChessOrg"]
[PlyCount "116"]
[EventDate "2000.??.??"]

1. d4 {A80: Hollaendische Verteidigung} 1... f5 2. Nc3 Nf6 3. Bg5 d5 4. Nf3 {
letzter Buchzug} 4... Be6 5. e3 Nbd7 6. Bd3 g6 7. Ne2 Bg7 8. Rc1 c6 9. O-O O-O
10. c4 h6 11. Nf4 Bf7 12. Bxf6 exf6 (12... Nxf6 $5 $142 13. Ne5 13... Qe8 $14)
13. cxd5 $18 13... cxd5 14. Qb3 (14. Nh4 $5 $142 14... Qe8 15. Bb5 $18) 14...
Nb6 $14 15. Nd2 Rc8 16. h4 Qd7 17. Bb5 Qd6 18. h5 g5 19. Ng6 Rfd8 20. Bd3 Be6
21. Rc3 Qd7 22. Rfc1 Nc4 (22... Rxc3 $5 $142 23. Rxc3 23... Rc8 $14) 23. Nxc4
$18 (23. Bxc4 $143 23... dxc4 24. Qb4 Kh7 25. Nxc4 25... b5 $16) 23... dxc4 24.
Bxc4 Rxc4 25. Rxc4 f4 26. Rc7 (26. d5 $5 $142 26... Bxd5 27. Rd1 $18 (27. exf4
$6 27... b5 28. Rc7 Bxb3 29. Rxd7 Rxd7 30. axb3 30... g4 $14)) 26... Bxb3 $16
27. Rxd7 Rxd7 28. axb3 fxe3 29. fxe3 f5 30. Rc8+ Kf7 31. Rc5 (31. Kf2 $5 $14
$142) 31... f4 $15 32. Ne5+ Bxe5 33. Rxe5 fxe3 34. Re4 Rd6 35. Rxe3 Rxd4 36.
Rf3+ Ke6 37. Rc3 Kf5 38. Rc7 Rb4 39. Rc3 Kg4 40. Rh3 Rd4 41. Re3 Kxh5 42. Rh3+
Kg6 43. Re3 h5 44. Re7 Rb4 45. Re3 Kf5 46. Kf2 Rf4+ 47. Kg1 h4 48. Re7 Rb4 49.
Rf7+ Ke5 50. Re7+ (50. Rf3 g4 51. Rc3 51... g3 $19) 50... Kd4 51. Rg7 Kd3 (
51... Rb5 52. Kf2 $19) 52. Rxg5 Kc2 53. Ra5 a6 (53... Kxb2 $6 54. Rxa7 b5 55.
Rb7 $19) (53... Kxb3 $6 54. Rxa7 b5 55. Rd7 $19) (53... Rxb3 $6 54. Rxa7 Rb4
55. Kf2 $17) 54. Ra4 (54. Kf2 Kxb2 55. Rg5 55... Kxb3 $19) 54... Kxb3 55. Rxb4+
Kxb4 56. Kh2 Kb3 57. Kh3 Kxb2 58. Kxh4 a5 (58... a5 59. g4 59... a4 $19) 0-1